[Event "Deutsche Ländermeisterschaft 2025"]
[Site "Oer-Erkenschwick GER"]
[Date "2025.10.01"]
[Round "2"]
[White "Großmann, Piet"]
[Black "Sieber, Bert"]
[Result "0-1"]
[Termination "normal"]
[Board "8.2"]
[WhiteElo "2077"]
[BlackElo "2177"]
[WhiteClock "00:03:11"]
[BlackClock "00:01:54"]
[WhiteTeam "Mecklenburg-Vorpommern"]
[BlackTeam "Niedersachsen"]
[PlyCount "144"]
[WhiteFideId "16234359"]
[BlackFideId "16265971"]
[EventCountry "GER"]
[EventRounds "7"]
[EventType "team-swiss"]
[EventDate "2025.09.30"]

1. e4 {[%clk 01:30:57]} {[%emt 00:00:01]} c5 {[%clk 01:30:56]} {[%emt
00:00:05]} 2. Nf3 {[%clk 01:30:58]} {[%emt 00:00:29]} e6 {[%clk 01:31:21]}
{[%emt 00:00:06]} 3. d4 {[%clk 01:31:11]} {[%emt 00:00:16]} cxd4 {[%clk
01:31:45]} {[%emt 00:00:06]} 4. Nxd4 {[%clk 01:31:37]} {[%emt 00:00:04]} a6
{[%clk 01:32:11]} {[%emt 00:00:05]} 5. Nc3 {[%clk 01:32:00]} {[%emt 00:00:08]}
b5 {[%clk 01:32:36]} {[%emt 00:00:04]} 6. g3 {[%clk 01:31:18]} {[%emt
00:01:12]} Bb7 {[%clk 01:33:00]} {[%emt 00:00:06]} 7. Bg2 {[%clk 01:31:43]}
{[%emt 00:00:05]} Nf6 {[%clk 01:33:25]} {[%emt 00:00:06]} 8. a3 {[%clk
01:31:38]} {[%emt 00:00:35]} d6 {[%clk 01:33:02]} {[%emt 00:00:53]} 9. O-O
{[%clk 01:31:59]} {[%emt 00:00:09]} Qc7 {[%clk 01:33:04]} {[%emt 00:00:27]} 10.
Re1 {[%clk 01:29:13]} {[%emt 00:03:16]} Nbd7 {[%clk 01:33:09]} {[%emt
00:00:25]} 11. a4 {[%clk 01:27:51]} {[%emt 00:01:52]} b4 {[%clk 01:29:31]}
{[%emt 00:04:09]} 12. Na2 {[%clk 01:28:07]} {[%emt 00:00:14]} Qb6 {[%clk
01:22:42]} {[%emt 00:07:19]} 13. c3 {[%clk 01:22:02]} {[%emt 00:06:34]} bxc3
{[%clk 01:19:04]} {[%emt 00:04:08]} 14. Nxc3 {[%clk 01:22:21]} {[%emt
00:00:12]} Be7 {[%clk 01:14:36]} {[%emt 00:04:58]} 15. a5 {[%clk 01:19:07]}
{[%emt 00:03:43]} Qc7 {[%clk 01:12:09]} {[%emt 00:02:57]} 16. Bd2 {[%clk
01:07:56]} {[%emt 00:11:41]} O-O {[%clk 01:08:19]} {[%emt 00:04:20]} 17. Rc1
{[%clk 01:06:41]} {[%emt 00:01:45]} Qb8 {[%clk 01:04:33]} {[%emt 00:04:16]} 18.
Na4 {[%clk 00:52:35]} {[%emt 00:14:36]} Nc5 {[%clk 00:54:03]} {[%emt 00:10:59]}
19. Nxc5 {[%clk 00:37:33]} {[%emt 00:15:33]} dxc5 {[%clk 00:54:22]} {[%emt
00:00:11]} 20. Bf4 {[%clk 00:37:32]} {[%emt 00:00:30]} Qa7 {[%clk 00:47:31]}
{[%emt 00:07:22]} 21. Nb3 {[%clk 00:36:16]} {[%emt 00:01:46]} Rac8 {[%clk
00:47:00]} {[%emt 00:01:02]} 22. Nd2 {[%clk 00:28:20]} {[%emt 00:08:25]} Rfd8
{[%clk 00:41:49]} {[%emt 00:05:41]} 23. Qe2 {[%clk 00:28:09]} {[%emt 00:00:40]}
Bc6 {[%clk 00:37:53]} {[%emt 00:04:27]} 24. Nc4 {[%clk 00:24:31]} {[%emt
00:04:09]} Bb5 {[%clk 00:36:56]} {[%emt 00:01:27]} 25. b3 {[%clk 00:23:57]}
{[%emt 00:01:04]} Rd4 {[%clk 00:27:58]} {[%emt 00:09:28]} 26. Be3 {[%clk
00:20:17]} {[%emt 00:04:09]} Rd7 {[%clk 00:27:06]} {[%emt 00:01:23]} 27. Qc2
{[%clk 00:20:00]} {[%emt 00:00:46]} Bxc4 {[%clk 00:21:29]} {[%emt 00:06:08]}
28. Qxc4 {[%clk 00:20:08]} {[%emt 00:00:22]} Ng4 {[%clk 00:17:24]} {[%emt
00:04:35]} 29. Bf4 {[%clk 00:14:39]} {[%emt 00:05:59]} g5 {[%clk 00:14:42]}
{[%emt 00:03:11]} 30. Bh3 {[%clk 00:10:01]} {[%emt 00:05:07]} gxf4 {[%clk
00:12:33]} {[%emt 00:02:40]} 31. Bxg4 {[%clk 00:10:25]} {[%emt 00:00:05]} fxg3
{[%clk 00:11:01]} {[%emt 00:02:02]} 32. hxg3 {[%clk 00:10:50]} {[%emt
00:00:06]} Rcd8 {[%clk 00:06:42]} {[%emt 00:04:49]} 33. Rcd1 {[%clk 00:03:47]}
{[%emt 00:07:32]} Rd4 {[%clk 00:06:12]} {[%emt 00:01:00]} 34. Qc2 {[%clk
00:03:03]} {[%emt 00:01:15]} Qc7 {[%clk 00:04:46]} {[%emt 00:01:57]} 35. Rxd4
{[%clk 00:02:44]} {[%emt 00:00:48]} Rxd4 {[%clk 00:05:10]} {[%emt 00:00:06]}
36. Rd1 {[%clk 00:00:39]} {[%emt 00:02:34]} Qxa5 {[%clk 00:04:26]} {[%emt
00:01:15]} 37. Rxd4 {[%clk 00:01:01]} {[%emt 00:00:08]} cxd4 {[%clk 00:04:16]}
{[%emt 00:00:41]} 38. Be2 {[%clk 00:00:34]} {[%emt 00:00:56]} Qe1+ {[%clk
00:01:51]} {[%emt 00:02:55]} 39. Kg2 {[%clk 00:00:59]} {[%emt 00:00:05]} a5
{[%clk 00:01:34]} {[%emt 00:00:48]} 40. Bc4 {[%clk 00:00:43]} {[%emt 00:00:44]}
Kg7 {[%clk 00:00:36]} {[%emt 00:01:29]} 41. Qd3 {[%clk 00:28:28]} {[%emt
00:02:44]} Bc5 {[%clk 00:18:50]} {[%emt 00:12:17]} 42. Qe2 {[%clk 00:27:31]}
{[%emt 00:01:27]} Qb4 {[%clk 00:18:33]} {[%emt 00:00:47]} 43. Qh5 {[%clk
00:27:05]} {[%emt 00:00:56]} Be7 {[%clk 00:12:58]} {[%emt 00:06:05]} 44. Qe2
{[%clk 00:25:17]} {[%emt 00:02:17]} Kf8 {[%clk 00:12:32]} {[%emt 00:00:56]} 45.
Qd3 {[%clk 00:24:19]} {[%emt 00:01:28]} Qc5 {[%clk 00:12:15]} {[%emt 00:00:47]}
46. Bb5 {[%clk 00:22:47]} {[%emt 00:02:02]} Qe5 {[%clk 00:12:12]} {[%emt
00:00:33]} 47. Ba4 {[%clk 00:18:43]} {[%emt 00:04:35]} Bb4 {[%clk 00:11:56]}
{[%emt 00:00:45]} 48. Bb5 {[%clk 00:18:35]} {[%emt 00:00:38]} Ke7 {[%clk
00:11:04]} {[%emt 00:01:22]} 49. Bc4 {[%clk 00:18:47]} {[%emt 00:00:19]} Bc3
{[%clk 00:10:55]} {[%emt 00:00:39]} 50. Qf3 {[%clk 00:18:07]} {[%emt 00:01:09]}
Qc5 {[%clk 00:10:21]} {[%emt 00:01:05]} 51. Qd3 {[%clk 00:17:00]} {[%emt
00:01:37]} h6 {[%clk 00:10:38]} {[%emt 00:00:13]} 52. Qe2 {[%clk 00:16:47]}
{[%emt 00:00:43]} Qe5 {[%clk 00:10:14]} {[%emt 00:00:54]} 53. Qf3 {[%clk
00:16:49]} {[%emt 00:00:27]} Qc5 {[%clk 00:09:31]} {[%emt 00:01:14]} 54. Qe2
{[%clk 00:17:10]} {[%emt 00:00:08]} Qb4 {[%clk 00:08:46]} {[%emt 00:01:15]} 55.
Qd3 {[%clk 00:17:18]} {[%emt 00:00:22]} Kd6 {[%clk 00:08:24]} {[%emt 00:00:53]}
56. Qf3 {[%clk 00:16:07]} {[%emt 00:01:41]} Ke7 {[%clk 00:08:23]} {[%emt
00:00:31]} 57. Qd3 {[%clk 00:16:29]} {[%emt 00:00:08]} Qb7 {[%clk 00:08:13]}
{[%emt 00:00:39]} 58. Kg1 {[%clk 00:16:17]} {[%emt 00:00:42]} Kd6 {[%clk
00:08:17]} {[%emt 00:00:26]} 59. Ba6 {[%clk 00:13:47]} {[%emt 00:03:00]} Qxb3
{[%clk 00:07:30]} {[%emt 00:01:18]} 60. Qf3 {[%clk 00:10:49]} {[%emt 00:03:28]}
Ke7 {[%clk 00:07:11]} {[%emt 00:00:48]} 61. Kg2 {[%clk 00:09:26]} {[%emt
00:01:53]} a4 {[%clk 00:07:11]} {[%emt 00:00:31]} 62. Kh2 {[%clk 00:06:32]}
{[%emt 00:03:24]} Qb6 {[%clk 00:04:35]} {[%emt 00:03:06]} 63. Qd3 {[%clk
00:06:10]} {[%emt 00:00:52]} Qc5 {[%clk 00:04:38]} {[%emt 00:00:27]} 64. Bc4
{[%clk 00:05:52]} {[%emt 00:00:48]} a3 {[%clk 00:04:38]} {[%emt 00:00:30]} 65.
Kg2 {[%clk 00:06:02]} {[%emt 00:00:20]} Qb4 {[%clk 00:04:38]} {[%emt 00:00:30]}
66. Ba2 {[%clk 00:06:09]} {[%emt 00:00:23]} Qb7 {[%clk 00:04:02]} {[%emt
00:01:07]} 67. Kf1 {[%clk 00:04:41]} {[%emt 00:01:57]} Qb2 {[%clk 00:03:18]}
{[%emt 00:01:15]} 68. Qc4 {[%clk 00:04:13]} {[%emt 00:00:58]} Kf6 {[%clk
00:03:20]} {[%emt 00:00:28]} 69. Qe2 {[%clk 00:03:37]} {[%emt 00:01:05]} Qb7
{[%clk 00:02:29]} {[%emt 00:01:21]} 70. Qf3+ {[%clk 00:03:41]} {[%emt
00:00:27]} Ke7 {[%clk 00:02:52]} {[%emt 00:00:07]} 71. Qd3 {[%clk 00:04:04]}
{[%emt 00:00:06]} Kd6 {[%clk 00:02:14]} {[%emt 00:01:08]} 72. Qc4 {[%clk
00:03:11]} {[%emt 00:01:23]} Qxe4 {[%clk 00:01:54]} {[%emt 00:00:50]} 0-1

[Event "Deutsche Ländermeisterschaft 2025"]
[Site "Oer-Erkenschwick GER"]
[Date "2025.10.01"]
[Round "2"]
[White "Mimkes, Antal"]
[Black "Krause, Enrico"]
[Result "1-0"]
[Termination "normal"]
[Board "8.3"]
[WhiteElo "2116"]
[BlackElo "1892"]
[WhiteClock "00:51:22"]
[BlackClock "00:29:21"]
[WhiteTeam "Niedersachsen"]
[BlackTeam "Mecklenburg-Vorpommern"]
[PlyCount "81"]
[WhiteFideId "16265963"]
[BlackFideId "34618490"]
[EventCountry "GER"]
[EventRounds "7"]
[EventType "team-swiss"]
[EventDate "2025.09.30"]

1. e4 {[%clk 01:30:52]} {[%emt 00:00:06]} c6 {[%clk 01:30:57]} {[%emt
00:00:04]} 2. d4 {[%clk 01:31:05]} {[%emt 00:00:16]} d5 {[%clk 01:31:25]}
{[%emt 00:00:02]} 3. f3 {[%clk 01:30:41]} {[%emt 00:00:54]} Qb6 {[%clk
01:31:50]} {[%emt 00:00:05]} 4. Nc3 {[%clk 01:29:54]} {[%emt 00:01:16]} dxe4
{[%clk 01:32:14]} {[%emt 00:00:07]} 5. fxe4 {[%clk 01:30:15]} {[%emt 00:00:09]}
e5 {[%clk 01:32:40]} {[%emt 00:00:04]} 6. Nf3 {[%clk 01:28:47]} {[%emt
00:01:58]} exd4 {[%clk 01:33:05]} {[%emt 00:00:06]} 7. Nxd4 {[%clk 01:28:58]}
{[%emt 00:00:18]} Nd7 {[%clk 01:33:28]} {[%emt 00:00:08]} 8. Ndb5 {[%clk
01:28:33]} {[%emt 00:00:55]} cxb5 {[%clk 01:30:02]} {[%emt 00:03:56]} 9. Nd5
{[%clk 01:28:31]} {[%emt 00:00:31]} Qa5+ {[%clk 01:27:49]} {[%emt 00:02:43]}
10. Bd2 {[%clk 01:28:45]} {[%emt 00:00:17]} b4 {[%clk 01:27:21]} {[%emt
00:00:58]} 11. Bf4 {[%clk 01:27:08]} {[%emt 00:02:07]} Kd8 {[%clk 01:15:05]}
{[%emt 00:12:46]} 12. Bc7+ {[%clk 01:24:48]} {[%emt 00:02:50]} Qxc7 {[%clk
01:15:30]} {[%emt 00:00:05]} 13. Nxc7 {[%clk 01:25:11]} {[%emt 00:00:07]} Kxc7
{[%clk 01:15:57]} {[%emt 00:00:03]} 14. Qd5 {[%clk 01:23:49]} {[%emt 00:01:51]}
Ne7 {[%clk 01:13:32]} {[%emt 00:02:55]} 15. Qc4+ {[%clk 01:18:35]} {[%emt
00:05:45]} Nc6 {[%clk 01:12:47]} {[%emt 00:01:14]} 16. Qxf7 {[%clk 01:18:13]}
{[%emt 00:00:52]} b6 {[%clk 01:06:33]} {[%emt 00:06:45]} 17. O-O-O {[%clk
01:14:14]} {[%emt 00:04:29]} Nce5 {[%clk 01:05:37]} {[%emt 00:01:25]} 18. Qe6
{[%clk 01:14:24]} {[%emt 00:00:20]} Bb7 {[%clk 01:00:08]} {[%emt 00:05:59]} 19.
Bb5 {[%clk 01:13:53]} {[%emt 00:01:02]} Rd8 {[%clk 01:00:30]} {[%emt 00:00:08]}
20. Rhf1 {[%clk 01:09:28]} {[%emt 00:04:54]} Bc8 {[%clk 00:50:49]} {[%emt
00:10:11]} 21. Bxd7 {[%clk 01:06:14]} {[%emt 00:03:45]} Nxd7 {[%clk 00:51:03]}
{[%emt 00:00:16]} 22. Rf7 {[%clk 01:05:38]} {[%emt 00:01:05]} g6 {[%clk
00:49:00]} {[%emt 00:02:34]} 23. Kb1 {[%clk 01:03:00]} {[%emt 00:03:08]} Bc5
{[%clk 00:48:02]} {[%emt 00:01:28]} 24. c3 {[%clk 01:02:34]} {[%emt 00:00:56]}
bxc3 {[%clk 00:45:41]} {[%emt 00:02:51]} 25. bxc3 {[%clk 00:55:32]} {[%emt
00:07:32]} Rhe8 {[%clk 00:44:14]} {[%emt 00:01:56]} 26. Rdxd7+ {[%clk
00:52:51]} {[%emt 00:03:11]} Bxd7 {[%clk 00:42:12]} {[%emt 00:02:32]} 27. Rxd7+
{[%clk 00:53:13]} {[%emt 00:00:09]} Rxd7 {[%clk 00:42:35]} {[%emt 00:00:07]}
28. Qxe8 {[%clk 00:53:38]} {[%emt 00:00:04]} a5 {[%clk 00:41:32]} {[%emt
00:01:33]} 29. Kc2 {[%clk 00:53:50]} {[%emt 00:00:18]} Re7 {[%clk 00:39:32]}
{[%emt 00:02:31]} 30. Qa8 {[%clk 00:54:11]} {[%emt 00:00:08]} Rd7 {[%clk
00:37:14]} {[%emt 00:02:49]} 31. Kb3 {[%clk 00:54:03]} {[%emt 00:00:37]} Kd6
{[%clk 00:35:41]} {[%emt 00:02:04]} 32. Qd5+ {[%clk 00:53:07]} {[%emt
00:01:25]} Ke7 {[%clk 00:35:28]} {[%emt 00:00:42]} 33. Qg5+ {[%clk 00:53:28]}
{[%emt 00:00:10]} Ke6 {[%clk 00:33:12]} {[%emt 00:02:46]} 34. Kc4 {[%clk
00:53:08]} {[%emt 00:00:50]} Rf7 {[%clk 00:32:16]} {[%emt 00:01:26]} 35. Qd5+
{[%clk 00:51:54]} {[%emt 00:01:44]} Ke7 {[%clk 00:31:44]} {[%emt 00:01:03]} 36.
Qe5+ {[%clk 00:51:55]} {[%emt 00:00:28]} Kf8 {[%clk 00:31:01]} {[%emt
00:01:13]} 37. Qh8+ {[%clk 00:51:52]} {[%emt 00:00:33]} Ke7 {[%clk 00:31:23]}
{[%emt 00:00:08]} 38. Kd5 {[%clk 00:51:58]} {[%emt 00:00:23]} Kd7 {[%clk
00:30:22]} {[%emt 00:01:32]} 39. e5 {[%clk 00:51:55]} {[%emt 00:00:33]} Re7
{[%clk 00:30:09]} {[%emt 00:00:44]} 40. Qa8 {[%clk 00:52:09]} {[%emt 00:00:15]}
Kc7 {[%clk 00:29:21]} {[%emt 00:01:18]} 41. e6 {[%clk 00:51:22]} {[%emt
00:01:17]} 1-0

[Event "Deutsche Ländermeisterschaft 2025"]
[Site "Oer-Erkenschwick GER"]
[Date "2025.10.01"]
[Round "2"]
[White "Schröder, Hannes Artur"]
[Black "Tarasenko, Nazar"]
[Result "0-1"]
[Termination "normal"]
[Board "8.4"]
[WhiteElo "1826"]
[BlackElo "2005"]
[WhiteClock "00:29:48"]
[BlackClock "01:07:51"]
[WhiteTeam "Mecklenburg-Vorpommern"]
[BlackTeam "Niedersachsen"]
[PlyCount "84"]
[WhiteFideId "34608818"]
[BlackFideId "34161430"]
[EventCountry "GER"]
[EventRounds "7"]
[EventType "team-swiss"]
[EventDate "2025.09.30"]

1. c4 {[%clk 01:30:57]} {[%emt 00:00:02]} Nf6 {[%clk 01:30:29]} {[%emt
00:00:31]} 2. Nc3 {[%clk 01:31:21]} {[%emt 00:00:07]} g6 {[%clk 01:30:55]}
{[%emt 00:00:04]} 3. g3 {[%clk 01:31:46]} {[%emt 00:00:04]} Bg7 {[%clk
01:31:22]} {[%emt 00:00:03]} 4. Bg2 {[%clk 01:32:10]} {[%emt 00:00:06]} O-O
{[%clk 01:30:25]} {[%emt 00:01:27]} 5. Nf3 {[%clk 01:32:13]} {[%emt 00:00:27]}
d6 {[%clk 01:28:06]} {[%emt 00:02:50]} 6. O-O {[%clk 01:31:37]} {[%emt
00:01:05]} e5 {[%clk 01:25:48]} {[%emt 00:02:49]} 7. d3 {[%clk 01:31:37]}
{[%emt 00:00:30]} c6 {[%clk 01:23:03]} {[%emt 00:03:15]} 8. b4 {[%clk
01:31:14]} {[%emt 00:00:53]} Re8 {[%clk 01:21:13]} {[%emt 00:02:19]} 9. e4
{[%clk 01:27:51]} {[%emt 00:03:53]} Nbd7 {[%clk 01:15:48]} {[%emt 00:05:55]}
10. a4 {[%clk 01:25:51]} {[%emt 00:02:29]} a5 {[%clk 01:14:10]} {[%emt
00:02:09]} 11. b5 {[%clk 01:23:34]} {[%emt 00:02:47]} Nc5 {[%clk 01:12:25]}
{[%emt 00:02:16]} 12. Re1 {[%clk 01:19:37]} {[%emt 00:04:26]} Be6 {[%clk
01:11:06]} {[%emt 00:01:50]} 13. Ba3 {[%clk 01:17:04]} {[%emt 00:03:02]} Nfd7
{[%clk 01:08:04]} {[%emt 00:03:31]} 14. Rb1 {[%clk 01:14:49]} {[%emt 00:02:45]}
Rc8 {[%clk 01:05:57]} {[%emt 00:02:38]} 15. Qd2 {[%clk 01:07:46]} {[%emt
00:07:32]} h6 {[%clk 01:05:03]} {[%emt 00:01:25]} 16. Kh1 {[%clk 01:06:09]}
{[%emt 00:02:07]} Qc7 {[%clk 01:02:38]} {[%emt 00:02:55]} 17. Rec1 {[%clk
01:05:10]} {[%emt 00:01:29]} Nb6 {[%clk 01:02:12]} {[%emt 00:00:57]} 18. Qd1
{[%clk 01:01:54]} {[%emt 00:03:45]} Kh7 {[%clk 00:57:32]} {[%emt 00:05:10]} 19.
Kg1 {[%clk 00:58:54]} {[%emt 00:03:29]} Rf8 {[%clk 00:56:35]} {[%emt 00:01:29]}
20. Rb2 {[%clk 00:57:25]} {[%emt 00:01:59]} Rb8 {[%clk 00:54:25]} {[%emt
00:02:40]} 21. Rcb1 {[%clk 00:54:46]} {[%emt 00:03:08]} f5 {[%clk 00:53:50]}
{[%emt 00:01:05]} 22. Bxc5 {[%clk 00:49:26]} {[%emt 00:05:49]} dxc5 {[%clk
00:54:08]} {[%emt 00:00:12]} 23. bxc6 {[%clk 00:49:35]} {[%emt 00:00:21]} bxc6
{[%clk 00:54:24]} {[%emt 00:00:15]} 24. Nd2 {[%clk 00:36:57]} {[%emt 00:13:08]}
f4 {[%clk 00:53:30]} {[%emt 00:01:24]} 25. Nb3 {[%clk 00:32:35]} {[%emt
00:04:52]} Nd7 {[%clk 00:53:13]} {[%emt 00:00:47]} 26. Nd2 {[%clk 00:32:11]}
{[%emt 00:00:53]} Rb4 {[%clk 00:51:31]} {[%emt 00:02:12]} 27. Na2 {[%clk
00:30:27]} {[%emt 00:02:14]} Rxb2 {[%clk 00:49:55]} {[%emt 00:02:07]} 28. Rxb2
{[%clk 00:30:31]} {[%emt 00:00:26]} Qd6 {[%clk 00:48:22]} {[%emt 00:02:02]} 29.
Qb1 {[%clk 00:25:26]} {[%emt 00:05:35]} g5 {[%clk 00:47:35]} {[%emt 00:01:18]}
30. Rb7 {[%clk 00:24:53]} {[%emt 00:01:03]} Nf6 {[%clk 00:46:04]} {[%emt
00:02:01]} 31. Nc1 {[%clk 00:21:57]} {[%emt 00:03:25]} Ng4 {[%clk 00:40:59]}
{[%emt 00:05:36]} 32. Ne2 {[%clk 00:17:42]} {[%emt 00:04:44]} fxg3 {[%clk
00:41:01]} {[%emt 00:00:28]} 33. Nxg3 {[%clk 00:12:25]} {[%emt 00:05:48]} Qd4
{[%clk 00:40:51]} {[%emt 00:00:37]} 34. Nh5 {[%clk 00:05:27]} {[%emt 00:07:30]}
Qxf2+ {[%clk 00:41:04]} {[%emt 00:00:18]} 35. Kh1 {[%clk 00:05:50]} {[%emt
00:00:07]} Qh4 {[%clk 00:37:01]} {[%emt 00:04:33]} 36. Rxg7+ {[%clk 00:05:32]}
{[%emt 00:00:48]} Kh8 {[%clk 00:37:26]} {[%emt 00:00:05]} 37. Nf3 {[%clk
00:04:46]} {[%emt 00:01:16]} Qxh5 {[%clk 00:37:22]} {[%emt 00:00:34]} 38. Qb7
{[%clk 00:04:08]} {[%emt 00:01:08]} Bf7 {[%clk 00:37:09]} {[%emt 00:00:42]} 39.
Rxf7 {[%clk 00:03:08]} {[%emt 00:01:30]} Rxf7 {[%clk 00:37:17]} {[%emt
00:00:21]} 40. Qc8+ {[%clk 00:02:29]} {[%emt 00:01:10]} Kg7 {[%clk 00:37:34]}
{[%emt 00:00:13]} 41. h3 {[%clk 00:00:33]} {[%emt 00:02:26]} Rxf3 {[%clk
00:37:28]} {[%emt 00:00:36]} 42. Qd7+ {[%clk 00:29:48]} {[%emt 00:01:15]} Rf7
{[%clk 01:07:51]} {[%emt 00:00:07]} 0-1

[Event "Deutsche Ländermeisterschaft 2025"]
[Site "Oer-Erkenschwick GER"]
[Date "2025.10.01"]
[Round "2"]
[White "Bundan, Edward"]
[Black "Wilke, Ronja"]
[Result "1-0"]
[Termination "normal"]
[Board "8.5"]
[WhiteElo "1939"]
[BlackElo "1671"]
[WhiteClock "01:25:34"]
[BlackClock "00:26:15"]
[WhiteTeam "Niedersachsen"]
[BlackTeam "Mecklenburg-Vorpommern"]
[PlyCount "103"]
[WhiteFideId "34603042"]
[BlackFideId "16288378"]
[EventCountry "GER"]
[EventRounds "7"]
[EventType "team-swiss"]
[EventDate "2025.09.30"]

1. d4 {[%clk 01:30:58]} {[%emt 00:00:02]} Nf6 {[%emt 00:00:21]} 2. c4 g6 {[%clk
01:30:55]} {[%emt 00:00:20]} 3. Nc3 {[%clk 01:31:45]} {[%emt 00:00:07]} Bg7
{[%clk 01:31:10]} {[%emt 00:00:15]} 4. e4 {[%clk 01:32:06]} {[%emt 00:00:09]}
d6 {[%clk 01:31:25]} {[%emt 00:00:14]} 5. Be2 {[%clk 01:32:28]} {[%emt
00:00:09]} O-O {[%clk 01:31:40]} {[%emt 00:00:14]} 6. Be3 {[%clk 01:32:54]}
{[%emt 00:00:04]} e5 {[%clk 01:31:08]} {[%emt 00:01:02]} 7. d5 {[%clk
01:33:17]} {[%emt 00:00:07]} Nbd7 {[%clk 01:24:33]} {[%emt 00:07:05]} 8. h4
{[%clk 01:32:57]} {[%emt 00:00:50]} h6 {[%clk 01:04:52]} {[%emt 00:20:11]} 9.
Qd2 {[%clk 01:32:28]} {[%emt 00:00:59]} Kh7 {[%clk 00:59:55]} {[%emt 00:05:26]}
10. O-O-O {[%clk 01:31:22]} {[%emt 00:01:36]} b6 {[%emt 00:07:48]} 11. h5
{[%clk 01:26:15]} {[%emt 00:01:39]} g5 {[%clk 00:50:50]} {[%emt 00:06:16]} 12.
f3 {[%clk 01:24:08]} {[%emt 00:02:37]} Nc5 {[%clk 00:49:40]} {[%emt 00:01:40]}
13. Nh3 {[%clk 01:22:34]} {[%emt 00:02:04]} Bxh3 {[%clk 00:46:10]} {[%emt
00:04:00]} 14. Rxh3 {[%clk 01:19:00]} {[%emt 00:04:04]} Rg8 {[%clk 00:44:58]}
{[%emt 00:01:41]} 15. Bd3 {[%clk 01:18:20]} {[%emt 00:01:10]} Qd7 {[%emt
00:02:44]} 16. Bc2 {[%clk 01:15:07]} {[%emt 00:03:34]} Bf8 {[%clk 00:37:40]}
{[%emt 00:05:43]} 17. b4 {[%clk 01:12:06]} {[%emt 00:03:32]} Nb7 {[%clk
00:36:05]} {[%emt 00:02:05]} 18. Ba4 {[%clk 01:12:21]} {[%emt 00:00:15]} Qc8
{[%emt 00:03:47]} 19. Bc6 {[%clk 01:09:09]} {[%emt 00:01:29]} Rb8 {[%clk
00:34:29]} {[%emt 00:01:02]} 20. Rhh1 {[%clk 01:07:21]} {[%emt 00:02:17]} Nd8
{[%clk 00:33:14]} {[%emt 00:01:46]} 21. Kc2 {[%clk 01:05:32]} {[%emt 00:02:18]}
Nxc6 22. dxc6 {[%clk 01:05:45]} Qa6 {[%clk 00:30:03]} {[%emt 00:01:25]} 23. Kb3
{[%clk 01:05:17]} {[%emt 00:01:01]} Qc8 {[%clk 00:26:49]} {[%emt 00:03:45]} 24.
g3 {[%clk 01:00:16]} {[%emt 00:05:32]} Qe6 {[%emt 00:03:09]} 25. Nb5 {[%emt
00:08:43]} Qe8 {[%clk 00:16:30]} {[%emt 00:00:53]} 26. Nxc7 {[%clk 00:58:28]}
{[%emt 00:01:21]} Qxc6 {[%clk 00:16:42]} {[%emt 00:00:18]} 27. Nd5 {[%clk
00:56:30]} {[%emt 00:02:28]} Nd7 {[%clk 00:14:33]} {[%emt 00:02:39]} 28. b5
{[%clk 00:55:24]} {[%emt 00:01:36]} Qc8 {[%clk 00:13:15]} {[%emt 00:01:33]} 29.
Qh2 {[%clk 00:53:01]} {[%emt 00:03:09]} a6 {[%clk 00:10:07]} {[%emt 00:03:37]}
30. a4 {[%clk 00:52:46]} {[%emt 00:00:46]} axb5 {[%clk 00:09:53]} {[%emt
00:00:44]} 31. axb5 {[%clk 00:53:03]} {[%emt 00:00:12]} Qd8 {[%clk 00:09:46]}
{[%emt 00:00:37]} 32. Qh3 {[%clk 00:52:13]} {[%emt 00:01:21]} Qe8 {[%clk
00:09:24]} {[%emt 00:00:51]} 33. Qxd7 {[%clk 00:52:23]} {[%emt 00:00:21]} Qxd7
{[%clk 00:07:50]} {[%emt 00:02:04]} 34. Nf6+ {[%clk 00:52:50]} {[%emt
00:00:02]} Kg7 {[%clk 00:07:17]} {[%emt 00:01:04]} 35. Nxd7 {[%clk 00:53:13]}
{[%emt 00:00:07]} Ra8 {[%clk 00:07:24]} {[%emt 00:00:22]} 36. Nxf8 {[%clk
00:53:12]} {[%emt 00:00:31]} Rgxf8 {[%clk 00:07:43]} {[%emt 00:00:11]} 37. Rxd6
{[%clk 00:53:30]} {[%emt 00:00:13]} f5 {[%clk 00:07:13]} {[%emt 00:01:00]} 38.
exf5 {[%clk 00:53:35]} {[%emt 00:00:25]} Rxf5 {[%clk 00:07:28]} {[%emt
00:00:14]} 39. Rf1 {[%clk 00:53:59]} {[%emt 00:00:06]} e4 {[%clk 00:05:41]}
{[%emt 00:02:17]} 40. f4 {[%clk 00:54:13]} {[%emt 00:00:16]} gxf4 {[%emt
00:02:22]} 41. Rxf4 {[%clk 00:54:07]} {[%emt 00:00:33]} Raf8 {[%clk 00:02:42]}
{[%emt 00:01:40]} 42. Rg6+ {[%clk 00:54:14]} {[%emt 00:00:23]} Kh7 {[%clk
00:01:45]} {[%emt 00:01:27]} 43. Rxh6+ {[%clk 00:54:24]} {[%emt 00:00:21]} Kg7
{[%clk 00:01:20]} {[%emt 00:00:55]} 44. Rxe4 {[%clk 00:54:32]} {[%emt
00:00:22]} Rf3 {[%clk 00:01:13]} {[%emt 00:00:37]} 45. Re7+ {[%clk 00:54:40]}
{[%emt 00:00:21]} R8f7 {[%clk 00:00:39]} {[%emt 00:01:04]} 46. Rhe6 {[%clk
00:54:05]} {[%emt 00:01:05]} Rxe7 {[%clk 00:29:16]} {[%emt 00:01:53]} 47. Rxe7+
{[%clk 01:24:33]} {[%emt 00:00:02]} Kf6 {[%clk 00:28:55]} 48. Re4 {[%clk
01:24:48]} {[%emt 00:01:06]} Rxg3 {[%clk 00:27:24]} 49. h6 {[%clk 01:24:58]}
{[%emt 00:02:22]} Kf5 {[%clk 00:26:40]} {[%emt 00:01:14]} 50. Re8 {[%clk
01:25:15]} {[%emt 00:00:12]} Rh3 {[%clk 00:26:15]} {[%emt 00:00:55]} 51. Kb4
{[%clk 01:25:32]} {[%emt 00:00:13]} Kg6 {[%emt 00:01:32]} 52. Bxb6 {[%clk
01:25:34]} {[%emt 00:00:12]} 1-0